Mặt trời với nghi lễ trên nương của người Mãng ở Tây Bắc Việt Nam /

Na minha lista:
Detalhes bibliográficos
Autor principal: Trần Từ.
Formato: Artigo
Idioma:Vietnamese
Assuntos:
Tags: Adicionar Tag
Sem tags, seja o primeiro a adicionar uma tag!
Thư viện lưu trữ: Thư viện Trường Đại học Đà Lạt
LEADER 00890nam a2200301 4500
001 DLU090099372
005 ##20091202
040 # # |a DLU  |b vie 
041 # # |a vie 
044 # # |a vn 
100 # # |a Trần Từ. 
245 # # |a Mặt trời với nghi lễ trên nương của người Mãng ở Tây Bắc Việt Nam /  |c Trần Từ. 
653 # # |a Dân tộc Mãng 
653 # # |a Dân tộc thiểu số 
653 # # |a Nghi lễ 
653 # # |a Phong tục 
653 # # |a Tín ngưỡng dân gian 
653 # # |a Văn hoá tộc người 
773 # # |t Văn hoá Nghệ thuật  |g Số 11(209), 2001, tr. 27-30 
920 # # |a Phòng Tạp chí -- Trung tâm Thông tin - Thư viện Trường Đại học Đà Lạt 
994 # # |a DLU 
900 # # |a True 
911 # # |a Đào Thị Thu Huyền 
925 # # |a G 
926 # # |a A 
927 # # |a BB 
980 # # |a Thư viện Trường Đại học Đà Lạt